[Event "Titled Tue 27th May Late"]
[Site "chess.com INT"]
[Date "2025.05.27"]
[Round "4"]
[White "Naroditsky, Daniel"]
[Black "Kleimenov, Nikolay"]
[Result "1-0"]
[WhiteTitle "GM"]
[BlackTitle "CM"]
[WhiteElo "2619"]
[BlackElo "2198"]
[WhiteFideId "2026961"]
[BlackFideId "34414223"]
[EventDate "2025.05.27"]

1. e4 c5 2. c3 d5 3. exd5 Nf6 4. Bb5+ Nbd7 5. d4 Qa5 6. Na3 a6 7. Be2 cxd4 8.
Qxd4 Qxd5 9. Qxd5 Nxd5 10. Bf3 e6 11. Nc4 N7f6 12. Ne2 Bc5 13. a4 O-O 14. a5 Rd8
15. Bg5 h6 16. Bh4 g5 17. Bg3 Bd7 18. Ne5 Be8 19. h4 Rac8 20. hxg5 hxg5 21. Nc1
Bb5 22. Nb3 Ba7 23. Nd2 Be8 24. O-O-O Ba4 25. Ndc4 Bxd1 26. Bxd1 Nf4 27. Bxf4
gxf4 28. Bf3 Nd5 29. Nb6 Nxb6 30. axb6 Bxb6 31. Bxb7 Rc7 32. Be4 Bxf2 33. Kc2
Bd4 34. Nc6 Rd6 35. Nb4 Bc5 36. Nd3 Be3 37. Rh6 Kg7 38. Rh7+ Kf6 39. Rh3 Rcd7
40. Rf3 Ke7 41. Ne5 Rd2+ 42. Kb3 Rb7+ 43. Bxb7 f6 44. Nc4 Rxg2 45. Nxe3 fxe3 46.
Rxe3 Rg8 47. Bxa6 Rb8+ 48. Kc2 Kd6 49. Bc4 e5 50. b4 f5 51. Bd3 e4 52. Bxe4 fxe4
53. Rxe4 Kd5 54. Rd4+ Kc6 55. Kb3 Rh8 56. Rc4+ Kb6 57. Rg4 Rh6 58. Ka4 Ka6 59.
c4 Kb6 60. c5+ Kc6 61. Rg8 Rh7 62. Rb8 Kd5 63. Kb5 Rc7 64. c6 1-0

[Event "Titled Tue 27th May Late"]
[Site "chess.com INT"]
[Date "2025.05.27"]
[Round "4"]
[White "Bluebaum, Matthias"]
[Black "Burmakin, Vladimir"]
[Result "1-0"]
[WhiteTitle "GM"]
[BlackTitle "GM"]
[WhiteElo "2660"]
[BlackElo "2435"]
[WhiteFideId "24651516"]
[BlackFideId "4105109"]
[EventDate "2025.05.27"]

1. d4 d5 2. c4 c6 3. Nf3 Nf6 4. Nc3 a6 5. Qc2 b5 6. e4 dxc4 7. Be2 e6 8. O-O Be7
9. b3 b4 10. e5 Nfd7 11. Ne4 c3 12. a3 h6 13. axb4 Bxb4 14. Ba3 Bxa3 15. Rxa3
O-O 16. Qxc3 Qb6 17. Rfa1 Rd8 18. h3 Nf8 19. Nd6 Ng6 20. Nd2 Nf4 21. Bf3 Nd5 22.
Bxd5 exd5 23. f4 Nd7 24. b4 Nf8 25. f5 Rb8 26. Ra4 g6 27. fxg6 fxg6 28. Nb3 Ne6
29. Nc5 Nxc5 30. bxc5 Qb3 31. Qxb3 Rxb3 32. Nxc8 Rxc8 33. Rxa6 Rd3 34. Ra8 Rxa8
35. Rxa8+ Kf7 36. Ra4 Ke6 37. Kf2 Kf5 38. Rb4 h5 39. h4 Kf4 40. e6 Re3 41. g3+
Rxg3 42. Rb6 Rf3+ 43. Kg2 Re3 44. Rxc6 Ke4 45. Rd6 Kxd4 46. c6 Kc5 47. c7 Kxd6
48. c8=Q Rxe6 49. Qd8+ Ke5 50. Kf3 d4 51. Qg5+ Kd6 52. Kf4 d3 53. Qd8+ Kc6 54.
Qxd3 Rd6 55. Qc4+ Kd7 56. Qf7+ Kd8 57. Ke5 Rc6 58. Kd5 Rb6 59. Kc4 Rd6 60. Kb5
Kc8 61. Qe7 Rd7 62. Qe8+ Kc7 63. Qxg6 Rd5+ 64. Kc4 Ra5 65. Qf7+ Kd6 66. Qf6+ Kd7
67. Qg6 Ra4+ 68. Kb5 Rxh4 69. Qf7+ Kc8 70. Kc6 1-0

[Event "Titled Tue 27th May Late"]
[Site "chess.com INT"]
[Date "2025.05.27"]
[Round "4"]
[White "Haug, Havard"]
[Black "Puzyrevsky, Semyon"]
[Result "1/2-1/2"]
[WhiteTitle "FM"]
[BlackTitle "FM"]
[WhiteElo "2354"]
[BlackElo "2253"]
[WhiteFideId "1547887"]
[BlackFideId "24240931"]
[EventDate "2025.05.27"]

1. e4 c5 2. c3 d5 3. exd5 Qxd5 4. d4 Nf6 5. Nf3 Bg4 6. dxc5 Qxd1+ 7. Kxd1 e5 8.
b4 e4 9. h3 Bh5 10. g4 Nxg4 11. hxg4 Bxg4 12. Rg1 Bxf3+ 13. Kc2 Nc6 14. Bf4 h5
15. Nd2 Bg4 16. Nxe4 O-O-O 17. Bd3 f6 18. Nd6+ Bxd6 19. Bxd6 g5 20. Rxg4 Rxd6
21. Bf5+ Kd8 22. cxd6 hxg4 23. Bxg4 Rh2 24. Kb3 Ne5 25. Be6 Nd3 26. Bf5 Ne5 27.
f4 Nf7 28. fxg5 Nxd6 29. Rd1 Kc7 30. gxf6 Rf2 31. Be6 Rxf6 32. Bd5 Rf5 33. c4
Rh5 34. Rg1 b5 35. Rg7+ Kb8 36. Rg8+ Kc7 37. Rg3 a5 38. a3 a4+ 39. Kc3 bxc4 40.
Rg7+ Kb6 41. Bxc4 Rh3+ 42. Bd3 Nb5+ 43. Kd2 Nxa3 44. Rg6+ Kb7 45. Rg7+ Kb6 46.
b5 Rh2+ 47. Kc1 Rh3 48. Rg6+ Kc5 49. Rc6+ Kd5 50. Be2 Rb3 51. Ra6 Rb1+ 52. Kd2
Rb2+ 53. Kd1 Nb1 54. b6 Nc3+ 55. Kc1 Rxb6 56. Bf3+ Kc5 57. Rxb6 Kxb6 58. Kb2 Nb5
59. Be2 Nd4 60. Bd1 a3+ 61. Kxa3 1/2-1/2

[Event "Titled Tue 27th May Late"]
[Site "chess.com INT"]
[Date "2025.05.27"]
[Round "4"]
[White "Bongo Akanga Ndjila, Barthelemy"]
[Black "De Sousa, Antonio Micaias Silva"]
[Result "0-1"]
[WhiteTitle "CM"]
[WhiteElo "1847"]
[BlackElo "2007"]
[WhiteFideId "10609431"]
[BlackFideId "22798528"]
[EventDate "2025.05.27"]

1. d4 d5 2. Nf3 Nf6 3. e3 g6 4. Bd3 Bg7 5. O-O O-O 6. b4 b6 7. Bb2 Bb7 8. a4 a5
9. b5 Nbd7 10. Nbd2 c5 11. bxc6 Bxc6 12. c4 e6 13. Qb3 Rb8 14. Rfd1 Re8 15. Ne5
Nxe5 16. dxe5 Ng4 17. Nf3 Qc7 18. Rac1 Nxe5 19. Nxe5 Bxe5 20. Bxe5 Qxe5 21. cxd5
Qxd5 22. Qxd5 Bxd5 23. e4 Bb3 24. Bc2 Bxc2 25. Rxc2 Rec8 26. Rcd2 Rc4 27. Rd4
Rbc8 28. f3 e5 29. Rxc4 Rxc4 30. Rd6 Rxa4 31. Rxb6 Kg7 32. Ra6 Ra2 33. h3 a4 34.
Kh2 h5 35. h4 a3 36. Kh3 Ra1 37. g4 a2 38. Kg2 hxg4 39. fxg4 Re1 40. Rxa2 Rxe4
41. Kf3 Rf4+ 42. Kg3 f5 43. g5 Rg4+ 44. Kh3 e4 45. Ra7+ Kf8 46. Ra6 e3 47. Re6
Re4 48. Rxe4 fxe4 49. Kg3 Kf7 50. Kg2 Ke6 51. Kf1 Kf5 52. Ke2 Kg4 53. Kxe3 Kxh4
54. Kxe4 Kxg5 55. Kf3 Kh4 56. Kg2 Kg4 57. Kh2 Kf3 58. Kg1 Kg3 59. Kh1 g5 60. Kg1
g4 61. Kh1 Kf2 62. Kh2 g3+ 63. Kh1 g2+ 0-1

[Event "Titled Tue 27th May Late"]
[Site "chess.com INT"]
[Date "2025.05.27"]
[Round "4"]
[White "Srinath, Rao S.V."]
[Black "Tamer Waguih, Farid"]
[Result "1-0"]
[WhiteTitle "IM"]
[BlackTitle "FM"]
[WhiteElo "2299"]
[BlackElo "2206"]
[WhiteFideId "5028876"]
[BlackFideId "10685723"]
[EventDate "2025.05.27"]

1. d4 d5 2. Nc3 Nf6 3. Bf4 a6 4. e3 e6 5. g4 c5 6. g5 Nfd7 7. Nf3 Nc6 8. Bg2 Qb6
9. Rb1 Qa5 10. O-O b5 11. a3 cxd4 12. Nxd4 Nxd4 13. exd4 Be7 14. Nxd5 exd5 15.
Bxd5 Ra7 16. Re1 Qd8 17. Qe2 Nb6 18. Bc6+ Bd7 19. Bf3 Be6 20. Bc6+ Bd7 21. Be4
O-O 22. Be5 Nc4 23. Bg3 Bxg5 24. b3 Nb6 25. c4 Re8 26. c5 Nd5 27. Qd3 Nf6 28.
Bf3 Bh6 29. Be5 Qe7 30. c6 Bc8 31. d5 Qd8 32. d6 Be6 33. c7 Qc8 34. Bc6 Rf8 35.
Bxf6 gxf6 36. Kh1 Kh8 37. Rg1 Bf5 38. Qd4 Bg7 39. Rbe1 Rxc7 40. dxc7 Qxc7 41.
Be4 Be6 42. Qe3 f5 43. Bf3 h6 44. Rxg7 Kxg7 45. Rg1+ Kh7 46. Qd4 f6 47. Qd2 Qf7
48. Bg2 Rg8 49. Qf4 Rxg2 50. Kxg2 Bd5+ 51. Kf1 Qd7 52. Rg3 Be4 53. Qc1 Qd5 54.
Rc3 Bg2+ 55. Kg1 Kg6 56. Rg3+ Kf7 57. Qc7+ Ke6 58. Qc8+ Ke5 59. Qe8+ Kf4 60.
Qe3# 1-0

[Event "Titled Tue 27th May Late"]
[Site "chess.com INT"]
[Date "2025.05.27"]
[Round "4"]
[White "Caruana, Fabiano"]
[Black "Sethuraman, Roshan"]
[Result "1-0"]
[WhiteTitle "GM"]
[WhiteElo "2776"]
[BlackElo "2074"]
[WhiteFideId "2020009"]
[BlackFideId "30965250"]
[EventDate "2025.05.27"]

1. g4 d5 2. Bg2 c6 3. g5 e5 4. d4 exd4 5. Qxd4 Ne7 6. e4 dxe4 7. Qxe4 Be6 8. Nc3
Nd5 9. Nge2 Bb4 10. O-O Bxc3 11. bxc3 O-O 12. c4 Nb6 13. Nf4 Bxc4 14. Re1 N8d7
15. Ba3 Re8 16. Be7 Qc7 17. Qd4 c5 18. Qd6 Rac8 19. Qxc7 Rxc7 20. Bd6 Rcc8 21.
Bxb7 Rcd8 22. Bc7 Rxe1+ 23. Rxe1 Rf8 24. Re7 f6 25. g6 hxg6 26. Nxg6 Rf7 27.
Re8+ Kh7 28. Nf4 Rf8 29. Be4+ Kh6 30. Rxf8 Nxf8 31. a3 Ne6 32. Bb8 Nxf4 33.
Bxf4+ g5 34. Bd6 Nd7 35. Bf5 Bb5 36. f4 Kg7 37. Kf2 Bc6 38. Kg3 Bb5 39. c3 Ba4
40. Be4 Bb5 41. Bc2 Kf7 42. a4 Bc6 43. Bb3+ Kg6 44. Be6 gxf4+ 45. Kxf4 Bxa4 46.
h4 Kh5 47. Kg3 Kg6 48. Kg4 Bd1+ 49. Kf4 Ba4 50. Bg4 a5 51. Bc7 Bc2 52. Bxa5 f5
53. Bf3 Kf6 54. Bd8+ Ke6 55. h5 Ne5 56. Bg2 Nd3+ 57. Kg5 f4 58. h6 Ne1 59. Bh3+
Ke5 60. Bc7+ Kd5 61. Bxf4 Kc4 62. Bf5 Nf3+ 63. Kf6 Bxf5 64. Kxf5 Kxc3 65. h7
Nd4+ 66. Kf6 Kb2 67. Be5 1-0

[Event "Titled Tue 27th May Late"]
[Site "chess.com INT"]
[Date "2025.05.27"]
[Round "4"]
[White "Fadi, Marko"]
[Black "Dudzinski, Piotr"]
[Result "1/2-1/2"]
[WhiteTitle "FM"]
[BlackTitle "FM"]
[WhiteElo "2244"]
[BlackElo "2335"]
[WhiteFideId "10605371"]
[BlackFideId "1119362"]
[EventDate "2025.05.27"]

1. c4 e6 2. Nc3 d5 3. d4 Nf6 4. cxd5 exd5 5. Bg5 c6 6. e3 Be7 7. Bd3 h6 8. Bh4
O-O 9. Nf3 Nbd7 10. Qc2 Re8 11. O-O Ne4 12. Bxe7 Qxe7 13. Rab1 f5 14. b4 a6 15.
a4 g5 16. Nd2 Ndf6 17. b5 axb5 18. axb5 c5 19. dxc5 Nxd2 20. Qxd2 Qxc5 21. Rfd1
Be6 22. Ne2 Ne4 23. Bxe4 dxe4 24. Nd4 Bf7 25. Rbc1 Qe5 26. Qb4 Rac8 27. b6 f4
28. g3 f3 29. h3 Red8 30. Nb5 Rxd1+ 31. Rxd1 Qc5 32. Qxc5 Rxc5 33. Rd8+ Kg7 34.
Nd6 Rc1+ 35. Kh2 Bg6 36. Nxb7 Rf1 37. Rd2 Rb1 38. g4 Rxb6 39. Nc5 Rc6 40. Rd5
Rb6 41. Re5 Rb4 42. Re7+ Kf6 43. Re6+ Kf7 44. Rc6 Rb2 45. Kg3 Rb1 46. Kh2 Rf1
47. Rc7+ Ke8 48. Kg3 Rg1+ 49. Kh2 Rg2+ 50. Kh1 Rxf2 51. Ne6 Rd2 52. Ng7+ Kf8 53.
Ne6+ Kg8 54. Rg7+ Kh8 55. Rxg6 Rd1+ 56. Kh2 f2 57. Rxh6+ Kg8 58. Rf6 f1=Q 59.
Rxf1 Rxf1 60. Nxg5 Re1 61. Nxe4 Rxe3 62. Nf2 Kg7 63. Nh1 Kg6 64. Ng3 Kg5 65. Nf5
Ra3 66. Kg2 Kf4 67. Kh2 Ra2+ 68. Kg1 Kf3 69. Kh1 Kf4 70. Kg1 Rb2 71. Kh1 Ra2 72.
Kg1 1/2-1/2

[Event "Titled Tue 27th May Late"]
[Site "chess.com INT"]
[Date "2025.05.27"]
[Round "4"]
[White "Papasimakopoulos, Alexandros"]
[Black "Martinez Alcantara, Jose Eduardo"]
[Result "0-1"]
[WhiteTitle "IM"]
[BlackTitle "GM"]
[WhiteElo "2366"]
[BlackElo "2611"]
[WhiteFideId "4244125"]
[BlackFideId "3805662"]
[EventDate "2025.05.27"]

1. d4 Nf6 2. c4 e6 3. Nc3 d5 4. cxd5 exd5 5. Bg5 Be6 6. e3 Nbd7 7. Nf3 a6 8. Bd3
Bd6 9. Rc1 O-O 10. Bh4 c6 11. Bg3 Qb8 12. O-O Re8 13. Na4 Bg4 14. Nc5 Nxc5 15.
Rxc5 Qd8 16. Bxd6 Qxd6 17. h3 Bxf3 18. Qxf3 Re7 19. Rfc1 Rb8 20. b4 Nd7 21. Bxa6
Nxc5 22. bxc5 Qg6 23. Bf1 Ra8 24. Qe2 Qf5 25. Qd2 Ra3 26. Qb2 Ra8 27. Qb3 g6 28.
Bd3 Qg5 29. Bc2 f5 30. g3 Qh5 31. Kg2 Qe2 32. a4 Qd2 33. Rd1 Qa5 34. Rb1 Rf7 35.
Qd3 Qd8 36. Rb6 Qf6 37. Qb3 Qg7 38. Qb1 Raf8 39. a5 g5 40. a6 bxa6 41. Rxc6 f4
42. exf4 gxf4 43. g4 f3+ 44. Kg1 Qg5 45. Rxa6 Kh8 46. Rd6 Rf4 47. Kf1 Qh4 48.
Re6 Qxh3+ 49. Ke1 Rxd4 50. Bd3 Qxg4 51. Re5 Qg7 52. Re3 Ra4 53. Kd2 Rfa8 54. Bc2
Qd4+ 55. Rd3 Qxf2+ 56. Kc3 Qxc5+ 57. Kd2 Qb4+ 58. Qxb4 Rxb4 59. Rxf3 Rd4+ 60.
Kc3 Rc4+ 61. Kb3 Rb8+ 62. Ka3 Rxc2 63. Ka4 Ra2+ 64. Ra3 Rxa3+ 65. Kxa3 h5 0-1

[Event "Titled Tue 27th May Late"]
[Site "chess.com INT"]
[Date "2025.05.27"]
[Round "4"]
[White "Goltsev, Dmitry"]
[Black "Rostomyan, Mikayel"]
[Result "1-0"]
[WhiteTitle "FM"]
[BlackTitle "FM"]
[WhiteElo "2183"]
[BlackElo "2325"]
[WhiteFideId "24176710"]
[BlackFideId "13313754"]
[EventDate "2025.05.27"]

1. e4 c5 2. Nf3 e6 3. b3 a6 4. a4 d5 5. exd5 exd5 6. d4 Nf6 7. Bd3 Bg4 8. O-O
cxd4 9. h3 Bh5 10. Re1+ Be7 11. Ba3 Nc6 12. g4 Bg6 13. Nxd4 Ne4 14. Nxc6 bxc6
15. Bxe7 Qxe7 16. f3 Qe5 17. fxe4 Qxa1 18. exd5+ Kf8 19. dxc6 Qd4+ 20. Kg2 Qd5+
21. Qf3 Qxf3+ 22. Kxf3 Rc8 23. Bxa6 Rxc6 24. Bb5 Rc8 25. Na3 f6 26. a5 h5 27. a6
hxg4+ 28. hxg4 Rh3+ 29. Kg2 Rhc3 30. Bc4 Bxc2 31. Nb5 Rxb3 32. Bxb3 Bxb3 33. a7
Bd5+ 34. Kg3 Ba8 35. Rb1 g6 36. Nd6 Rc3+ 37. Kf2 Ke7 38. Rb8 Bd5 39. Nc8+ Ke6
40. Nb6 Bh1 41. Re8+ Kf7 42. a8=Q Bxa8 43. Rxa8 Rb3 44. Nc4 Rc3 45. Rc8 Ke6 46.
Ke2 Rh3 47. Ne3 Ke5 48. Rc5+ Kf4 49. Rc4+ Kg5 50. Rc5+ f5 51. gxf5 gxf5 52.
Rxf5+ Kg6 53. Rf4 Rh8 54. Kf3 Rh7 55. Ng4 Kg5 56. Ne5 Rh3+ 57. Ke4 Rh1 58. Nf3+
Kg6 59. Rf8 Kg7 60. Rf5 Ra1 61. Kf4 Ra4+ 62. Kg5 Ra1 63. Ne5 Kg8 64. Nf3 Ra6 65.
Nh2 Rb6 66. Ng4 Ra6 67. Nh6+ Kg7 68. Rf7+ Kh8 69. Ng4 Ra5+ 70. Kg6 Ra8 71. Nf6 1-0

[Event "Titled Tue 27th May Late"]
[Site "chess.com INT"]
[Date "2025.05.27"]
[Round "4"]
[White "Clawitter, Craig"]
[Black "Kikuchi Cadilhac, Mariana Sawae"]
[Result "1-0"]
[BlackTitle "WFM"]
[WhiteElo "2050"]
[BlackElo "1849"]
[WhiteFideId "2023105"]
[BlackFideId "2144433"]
[EventDate "2025.05.27"]

1. e4 c6 2. d4 d5 3. e5 Bf5 4. Nf3 e6 5. Be2 Nd7 6. O-O Ne7 7. Nbd2 c5 8. c4 Nc6
9. cxd5 exd5 10. dxc5 Bxc5 11. Nb3 Be6 12. Nxc5 Nxc5 13. Be3 Nd7 14. Bf4 O-O 15.
Bd3 Qb6 16. Ng5 h6 17. Nxe6 fxe6 18. Qh5 Rxf4 19. Qg6 Nf8 20. Qg3 Qd4 21. Rad1
Qxe5 22. Rfe1 Qf6 23. a3 Ne5 24. Bb1 Rg4 25. Qxe5 Qxe5 26. Rxe5 Rc8 27. Bd3 Kf7
28. Re3 Ke7 29. Be2 Rg6 30. h4 Rf6 31. Bf3 Kd6 32. Rb3 b6 33. Rb4 Rc2 34. Ra4
Rxb2 35. Rxa7 g5 36. hxg5 hxg5 37. Rg7 Rb3 38. Rxg5 Rxa3 39. Rg7 Rc3 40. Rb7 Rc6
41. Rb1 Nd7 42. Ra7 e5 43. Rd1 Rc5 44. Rb7 e4 45. Bxe4 Ke5 46. Rxd7 dxe4 47.
Re7+ Kf5 48. Re1 Rc2 49. R7xe4 Kg6 50. Rg4+ Kf7 51. f3 b5 52. Re5 b4 53. Rb5 Rb2
54. Rbxb4 Rxb4 55. Rxb4 Kg6 56. Rg4+ Kf7 57. Kf2 Rg6 58. Rxg6 Kxg6 59. g4 Kg5
60. Kg3 Kf6 61. f4 Kg6 62. Kf3 Kf6 63. Ke4 Kg6 64. g5 Kg7 65. Kf5 Kf7 66. g6+
Kg7 67. Kg5 Kg8 68. f5 Kg7 69. f6+ Kg8 70. Kf5 Kf8 71. Ke6 Kg8 72. Ke7 Kh8 73.
g7+ Kg8 74. Ke6 Kh7 75. Kf7 Kh6 76. g8=Q 1-0

[Event "Titled Tue 27th May Late"]
[Site "chess.com INT"]
[Date "2025.05.27"]
[Round "4"]
[White "Goryachkina, Aleksandra"]
[Black "Garzon Zapatanga, Christopher Leonel"]
[Result "1-0"]
[WhiteTitle "GM"]
[BlackTitle "FM"]
[WhiteElo "2544"]
[BlackElo "2168"]
[WhiteFideId "4147103"]
[BlackFideId "3634787"]
[EventDate "2025.05.27"]

1. d4 Nf6 2. Bf4 g6 3. Nc3 d5 4. e3 Bg7 5. h4 h5 6. Nf3 c6 7. Ne5 Nbd7 8. Bd3
Nxe5 9. Bxe5 Be6 10. Qd2 O-O 11. O-O-O b5 12. f3 Nd7 13. Bxg7 Kxg7 14. g4 Rh8
15. Ne2 hxg4 16. Nf4 Nf8 17. h5 Qd6 18. fxg4 Bxg4 19. Rdg1 Bf3 20. Rh3 Be4 21.
Bxe4 dxe4 22. hxg6 Nxg6 23. Nxg6 fxg6 24. Qg2 Rxh3 25. Qxh3 Rf8 26. Qg4 Rf2 27.
Qxe4 Qf6 28. Qd3 Rh2 29. b3 Rh5 30. Kb1 Rf5 31. a3 a6 32. Ka2 Kf8 33. Qc3 c5 34.
Qd3 cxd4 35. exd4 Kg7 36. Qe4 Rf4 37. Qe3 Rxd4 38. Re1 Rd7 39. Qh3 Rc7 40. Kb1
Qf5 41. Qh2 Rd7 42. Rh1 Kf6 43. Qh8+ Ke6 44. Re1+ Kd6 45. Qc3 e5 46. Qa5 Ke7 47.
Qxa6 Rd2 48. Rc1 e4 49. Qa7+ Qd7 50. Qe3 Qd4 51. Qg5+ Qf6 52. Qxd2 Qf5 53. Re1
Kf6 54. Qe3 Ke5 55. Qc5+ Kf4 56. Rf1+ Kg4 57. Rxf5 gxf5 58. Qg1+ Kf4 59. Qf2+
Ke5 60. Kc1 f4 61. Kd1 e3 62. Qf3 Kf5 63. Ke2 Ke5 64. a4 bxa4 65. bxa4 Kf5 66.
a5 Ke5 67. a6 Kd4 68. a7 Kc3 69. Qxf4 Kxc2 70. Qxe3 Kb1 71. Qc5 Kb2 72. Kd2 Kb1
73. Qb5+ Ka1 74. Kc2 Ka2 75. Qa5# 1-0

[Event "Titled Tue 27th May Late"]
[Site "chess.com INT"]
[Date "2025.05.27"]
[Round "4"]
[White "Kracht, Raphael"]
[Black "Mesquita, Eduardo Barbosa"]
[Result "1-0"]
[WhiteTitle "CM"]
[WhiteElo "2194"]
[BlackElo "2014"]
[WhiteFideId "16214382"]
[BlackFideId "22757163"]
[EventDate "2025.05.27"]

1. d4 d5 2. Bf4 Nf6 3. Nf3 c5 4. e3 Nc6 5. Nbd2 Qb6 6. dxc5 Qxb2 7. Rb1 Qc3 8.
Bb5 Qxc5 9. O-O Bg4 10. c4 e6 11. cxd5 Nxd5 12. Be5 Be7 13. Bxg7 Rg8 14. Bd4 Qd6
15. Qa4 Bh3 16. Ne1 e5 17. Bxe5 Qxe5 18. Bxc6+ Kf8 19. Rxb7 Bd6 20. Ndf3 Qh5 21.
Qe4 Nc3 22. Qd4 Ne2+ 23. Kh1 Nxd4 24. exd4 Bxg2+ 25. Nxg2 Rxg2 26. Kxg2 Rd8 27.
Re1 Ba3 28. Re3 Bd6 29. Ne5 Qg5+ 30. Kf1 Bxe5 31. dxe5 Re8 32. Rf3 Re7 33. Rb8+
Kg7 34. Rg3 Qxg3 35. hxg3 Rxe5 36. f4 Rc5 37. Be4 Rc1+ 38. Kf2 Ra1 39. Rb2 a5
40. Kf3 a4 41. Rg2 a3 42. Kg4 Re1 43. Bd5 Kg6 44. Bb3 Re3 45. f5+ Kf6 46. Rh2
h5+ 47. Rxh5 Ke5 48. Rh7 Re4+ 49. Kg5 Re3 50. Rxf7 Rxg3+ 51. Kh4 Rg2 52. f6 Rf2
53. Kg5 Rg2+ 54. Kh6 Kf5 55. Rf8 Rh2+ 56. Kg7 Rh3 57. Kf7 Rh7+ 58. Ke8 Ke5 59.
Rf7 Rh8+ 60. Kd7 Ra8 61. Kc6 Ra6+ 62. Kb5 Rd6 63. Kb4 Ra6 64. Rf8 Kd6 65. f7
Rb6+ 66. Ka5 1-0

[Event "Titled Tue 27th May Late"]
[Site "chess.com INT"]
[Date "2025.05.27"]
[Round "4"]
[White "Shubenkova, Veronika"]
[Black "Garcia, Jhoel"]
[Result "1-0"]
[WhiteTitle "WFM"]
[BlackTitle "IM"]
[WhiteElo "2024"]
[BlackElo "2304"]
[WhiteFideId "44124040"]
[BlackFideId "3801110"]
[EventDate "2025.05.27"]

1. e4 e5 2. Nf3 Nc6 3. Bb5 a6 4. Ba4 Nf6 5. O-O b5 6. Bb3 Be7 7. Re1 d6 8. h3
O-O 9. c3 Re8 10. d4 Bf8 11. Ng5 Re7 12. dxe5 Nxe5 13. f4 Nc4 14. e5 Ne8 15. Qd3
g6 16. Nd2 Bf5 17. Qf3 dxe5 18. Nxc4 bxc4 19. Bxc4 e4 20. Nxe4 Bg7 21. Bd2 Rxe4
22. Rxe4 Qxd2 23. Re2 Qd8 24. Rae1 Nd6 25. Bd5 Rb8 26. b3 h5 27. c4 c5 28. Kh1
Bd4 29. Re7 Bf6 30. Ra7 Qf8 31. Rxa6 Re8 32. Rxe8 Nxe8 33. Ra8 Bd7 34. Bc6 Qe7
35. Bxd7 Qxd7 36. Qd5 Qe7 37. Qc6 Kf8 38. Rxe8+ Qxe8 39. Qxf6 Qe1+ 40. Kh2 Qf2
41. a4 h4 42. Qg5 Kg7 43. a5 f6 44. Qg4 Qa2 45. Qd7+ Kh6 46. Qd8 Kg7 47. Qe7+
Kg8 48. Qxf6 Qxb3 49. Qxg6+ Kf8 50. a6 Qa3 51. Qh6+ Kf7 52. Qh5+ Kf8 53. Qxh4
Qxa6 54. Qd8+ Kf7 55. Qd5+ Kf8 56. Qxc5+ Kf7 57. Qd5+ Kf8 58. c5 Qb5 59. Qd6+
Kf7 60. c6 Qc4 61. c7 Kg8 62. Qd8+ Kh7 63. Kg3 Qc3+ 64. Kh4 Qe1+ 65. g3 Qe6 66.
Qg5 Qd7 67. Qh5+ Kg7 68. Qg4+ Qxg4+ 69. hxg4 1-0

[Event "Titled Tue 27th May Late"]
[Site "chess.com INT"]
[Date "2025.05.27"]
[Round "4"]
[White "Sailer, Mike"]
[Black "Thorhallsson, Simon"]
[Result "1/2-1/2"]
[BlackTitle "FM"]
[WhiteElo "2108"]
[BlackElo "2218"]
[WhiteFideId "2012901"]
[BlackFideId "2310090"]
[EventDate "2025.05.27"]

1. c4 g6 2. g3 Bg7 3. Bg2 c5 4. Nc3 Nc6 5. e4 d6 6. Nge2 Bg4 7. d3 Nd4 8. Qa4+
Bd7 9. Qd1 Nxe2 10. Qxe2 Nf6 11. O-O O-O 12. h3 Ne8 13. Be3 Nc7 14. a4 Ne6 15.
Ra3 Nd4 16. Qd2 Bxh3 17. Bxd4 cxd4 18. Bxh3 dxc3 19. bxc3 b6 20. a5 Qc7 21. Rfa1
bxa5 22. Rxa5 Rfb8 23. Bg2 Rb3 24. d4 Qxc4 25. Rxa7 Rxa7 26. Rxa7 Bf6 27. e5
dxe5 28. dxe5 Bxe5 29. Qd8+ Kg7 30. Qxe7 Bf6 31. Qc7 Qe6 32. Qd7 Qxd7 33. Rxd7
Rxc3 34. Bd5 Bd4 35. Rxf7+ Kh6 36. Rf3 Rc2 37. Kg2 Kg5 38. Rf7 h5 39. Rf3 Rd2
40. Bc6 Kh6 41. Bb7 Kg7 42. Bc6 g5 43. Be8 h4 44. gxh4 gxh4 45. Rf7+ Kg6 46.
Rf3+ Kg5 47. Bd7 Kg6 48. Bf5+ Kf6 49. Bd7+ Ke5 50. Bc8 Kd5 51. Rf5+ Kc4 52. Rf3
Kb4 53. Bh3 Kc4 54. Bg4 Bc3 55. Bh3 Kb3 56. Bg4 Kb2 57. Bh3 Bd4 58. Bg4 Kc1 59.
Bh3 Kd1 60. Rf4 Ke1 61. Re4+ Kd1 62. Rf4 Bc5 63. Bg4+ Kc1 64. Bh3 Bd4 65. Bg4
Kc2 66. Bf5+ Kc3 67. Rf3+ Kc4 68. Bh3 Kd5 69. Bg4 Ke5 70. Rf5+ Ke4 71. Rf3 h3+
72. Bxh3 Rxf2+ 73. Rxf2 Bxf2 1/2-1/2

[Event "Titled Tue 27th May Late"]
[Site "chess.com INT"]
[Date "2025.05.27"]
[Round "4"]
[White "Khodabandeh, Milad"]
[Black "Tikhonov, Viacheslav"]
[Result "1-0"]
[WhiteTitle "CM"]
[BlackTitle "CM"]
[WhiteElo "1957"]
[BlackElo "2183"]
[WhiteFideId "12538620"]
[BlackFideId "44196407"]
[EventDate "2025.05.27"]

1. e4 c5 2. Nf3 Nc6 3. d4 cxd4 4. Nxd4 g6 5. c4 Nf6 6. Nc3 Nxd4 7. Qxd4 d6 8.
Be2 Bg7 9. Be3 O-O 10. Qd2 a5 11. Rc1 a4 12. f3 Be6 13. Nd5 Nxd5 14. cxd5 Bd7
15. O-O a3 16. b4 Re8 17. Bd4 e5 18. Be3 f5 19. Rc3 fxe4 20. fxe4 Rf8 21. Rcc1
Qh4 22. Bf3 h6 23. g3 Qh3 24. Bg2 Qh5 25. Rc7 Bh3 26. Rxf8+ Rxf8 27. Rc1 Bxg2
28. Qxg2 Qg4 29. h3 Qf3 30. Qxf3 Rxf3 31. Rc3 Rxg3+ 32. Kh2 Rf3 33. Kg2 Rf7 34.
Rxa3 Rc7 35. Ra7 Kh7 36. Kf3 g5 37. b5 Kg6 38. a4 Rf7+ 39. Ke2 h5 40. a5 g4 41.
hxg4 h4 42. a6 h3 43. Rxb7 h2 44. Rxf7 Kxf7 45. a7 h1=Q 46. a8=Q Qg2+ 47. Kd3
Qf1+ 48. Kc3 Qxb5 49. Qa7+ Kg6 50. Qe7 Qa5+ 51. Kd3 Qa6+ 52. Kd2 Bf6 53. Qe6
Qa5+ 54. Ke2 Qb5+ 55. Kf2 Qb2+ 56. Kf3 Qc2 57. g5 Qd1+ 58. Kf2 Qc2+ 59. Kg3 Qxe4
60. Qxf6+ Kh7 61. Qh6+ Kg8 62. g6 1-0

[Event "Titled Tue 27th May Late"]
[Site "chess.com INT"]
[Date "2025.05.27"]
[Round "4"]
[White "Miranda Camus, Joaquin Ignacio"]
[Black "Naranjo Moreno, Antonio"]
[Result "1/2-1/2"]
[WhiteTitle "FM"]
[BlackTitle "FM"]
[WhiteElo "2196"]
[BlackElo "2289"]
[WhiteFideId "3449300"]
[BlackFideId "2278626"]
[EventDate "2025.05.27"]

1. d4 Nf6 2. Nf3 g6 3. Nc3 Bg7 4. e4 O-O 5. Be2 d6 6. O-O Bg4 7. h3 Bxf3 8. Bxf3
Nc6 9. d5 Ne5 10. Be2 c6 11. f4 Ned7 12. Be3 cxd5 13. exd5 Qc7 14. Bf3 Nb6 15.
Ne2 Nc4 16. Bd4 Ne8 17. b3 Bxd4+ 18. Qxd4 Na3 19. Rac1 Nb5 20. Qe3 Qc5 21. Qxc5
dxc5 22. c4 Nbd6 23. Nc3 Nf6 24. Rfe1 Rfe8 25. g4 Kf8 26. Re2 a6 27. a4 b6 28.
Rce1 Rab8 29. g5 Nd7 30. Bg4 Rb7 31. Ne4 Nxe4 32. Rxe4 b5 33. axb5 axb5 34. cxb5
Nb6 35. d6 e6 36. Rc1 Rd8 37. Rxc5 Rxd6 38. Rc6 Rd2 39. Re2 Rd1+ 40. Kg2 Nd5 41.
Rc8+ Kg7 42. Rf2 Rd4 43. Bf3 Nxf4+ 44. Kg3 Rxb5 45. Rc4 Rxg5+ 46. Kh2 Rxc4 47.
bxc4 Rc5 48. Be2 Nxe2 49. Rxe2 Rxc4 50. Ra2 e5 51. Ra8 Kf6 52. Re8 h5 53. Rg8
Kf5 54. Re8 f6 55. Kg3 Rc2 56. h4 Rc3+ 57. Kf2 Rc4 58. Kg3 Rg4+ 59. Kh3 Ra4 60.
Ra8 g5 61. Rxa4 e4 62. hxg5 fxg5 63. Kg3 h4+ 64. Kh3 Kf4 65. Ra8 Kf3 66. Rf8+
Ke2 67. Kg4 e3 68. Kxg5 Kd1 69. Kxh4 e2 70. Rd8+ Kc2 71. Re8 Kd2 72. Kg3 e1=Q+
73. Rxe1 Kxe1 1/2-1/2